000
00254nam a2200109Ia 4500
008
190216s9999||||xx |||||||||||||| ||und||
100
_a
Agarwal Ad
245
0
_a
Organisation And Management
260
_b
Sulthan Chand&Sons
300
_a
708p
942
_c
BK
999
_c
5285
_d
5285